[Event "Moscow Aeroflot op-B"]
[Site "Moscow"]
[Date "2006.02.08"]
[Round "2"]
[White "Dunis, Aurelien"]
[Black "Munguntuul, Batkhuyag"]
[Result "1/2-1/2"]
[WhiteElo "2505"]
[BlackElo "2261"]
[PlyCount "71"]
[EventDate "2006.02.07"]
[EventType "swiss"]
[EventRounds "9"]
[EventCountry "RUS"]
[SourceTitle "EXT 2007"]
[Source "ChessBase"]
[SourceDate "2006.11.23"]
[SourceVersion "1"]
[SourceVersionDate "2006.11.23"]
[SourceQuality "1"]

1. c4 c5 2. Nc3 g6 3. g3 Bg7 4. Bg2 Nc6 5. e3 Nh6 6. Nge2 Nf5 7. a3 a5 8. 0-0 0-0 9. b3 b6 10. Bb2 Bb7 11. Qc2 e6 12. Rfd1 Rb8 13. Nb5 d5 14. Bxg7 Kxg7 15. d4 cxd4 16. cxd5 exd5 17. Nbxd4 Nfxd4 18. Nxd4 Ne5 19. e4 Qf6 20. f4 Nd7 21. exd5 Rbc8 22. Qf2 Rfd8 23. Nc6 Bxc6 24. dxc6 Nb8 25. Qxb6 Nxc6 26. Bxc6 Qxc6 27. Qxa5 Re8 28. Rd2 Qf3 29. Qb6 Rcd8 30. Rf2 Qc3 31. Raf1 Rb8 32. Rf3 Qb2 33. Qa7 Rxb3 34. Rxb3 Qxb3 35. Qd4+ Kg8 36. a4 1/2-1/2

[Event "FRA-chT Top 16 GpB"]
[Site "France"]
[Date "2006.02.04"]
[Round "2.2"]
[White "Rozentalis, Eduardas"]
[Black "Dunis, Aurelien"]
[Result "1-0"]
[WhiteElo "2582"]
[BlackElo "2534"]
[PlyCount "117"]
[EventDate "2006.03.03"]
[EventType "team-tourn"]
[EventRounds "7"]
[EventCountry "FRA"]
[SourceTitle "EXT 2007"]
[Source "ChessBase"]
[SourceDate "2006.11.23"]
[SourceVersion "1"]
[SourceVersionDate "2006.11.23"]
[SourceQuality "1"]
[WhiteTeam "Strasbourg"]
[BlackTeam "Nice"]
[WhiteTeamCountry "FRA"]
[BlackTeamCountry "FRA"]

1. e4 c5 2. Nf3 d6 3. Bb5+ Bd7 4. Bxd7+ Qxd7 5. 0-0 Nf6 6. e5 dxe5 7. Nxe5 Qc8 8. Na3 e6 9. Nac4 Be7 10. Qf3 Nbd7 11. b3 Nxe5 12. Nxe5 0-0 13. Bb2 Qc7 14. Ng4 Nxg4 15. Qxg4 e5 16. f4 Bd6 17. f5 f6 18. Qe4 Rfd8 19. d3 Rac8 20. a4 Bf8 21. g4 Qc6 22. Rae1 a6 23. Qc4+ Qd5 24. a5 Kf7 25. Bc3 Be7 26. Re4 Qxc4 27. bxc4 Rd7 28. Kg2 Rh8 29. h3 h5 30. Rb1 hxg4 31. hxg4 g6 32. fxg6+ Kxg6 33. Ree1 Bd8 34. Rh1 Rdh7 35. Rh5 Rxh5 36. gxh5+ Rxh5 37. Rxb7 Rg5+ 38. Kf3 Kf5 39. Rd7 Rg8 40. Rd6 Rh8 41. Be1 Be7 42. Rxa6 Rb8 43. Rb6 Rxb6 44. axb6 Bd8 45. b7 Bc7 46. Bf2 Ke6 47. Bxc5 Bb8 48. Bf8 Kf7 49. Bh6 Ke6 50. c5 Kd5 51. Bf8 Kc6 52. Bd6 Bxd6 53. cxd6 Kxb7 54. c4 f5 55. c5 Kc6 56. Kg3 Kd7 57. Kh4 Ke6 58. Kg5 f4 59. Kg4 1-0

[Event "Corsica Masters op"]
[Site "Bastia"]
[Date "2005.11.02"]
[Round "7"]
[White "Riazantsev, Alexander"]
[Black "Dunis, Aurelien"]
[Result "1-0"]
[WhiteElo "2603"]
[BlackElo "2534"]
[PlyCount "85"]
[EventDate "2005.10.30"]
[EventType "swiss (rapid)"]
[EventRounds "7"]
[EventCountry "FRA"]
[SourceTitle "EXT 2006"]
[Source "ChessBase"]
[SourceDate "2005.11.24"]
[SourceVersion "1"]
[SourceVersionDate "2005.11.24"]
[SourceQuality "1"]

1. d4 d5 2. c4 c6 3. Nf3 Nf6 4. Nc3 a6 5. Ne5 e6 6. g3 Nbd7 7. Bg2 Nxe5 8. dxe5 Nd7 9. cxd5 exd5 10. e4 d4 11. Qxd4 Bc5 12. Qd3 Nxe5 13. Qxd8+ Kxd8 14. f4 Nd3+ 15. Ke2 Nxc1+ 16. Raxc1 Bg4+ 17. Bf3 Bxf3+ 18. Kxf3 Ke7 19. e5 Ke6 20. g4 g6 21. Ne2 Ba7 22. Ng3 Rhd8 23. Rhd1 f5 24. exf6 Kxf6 25. Ne4+ Ke7 26. Ng5 Rxd1 27. Rxd1 Rf8 28. Re1+ Kd6 29. Nxh7 Rh8 30. Ng5 Rxh2 31. Re6+ Kd5 32. Rxg6 Rf2+ 33. Kg3 Rxb2 34. Rg7 c5 35. Nf3 c4 36. Rd7+ Ke6 37. Rc7 Bf2+ 38. Kh3 b5 39. g5 Kf5 40. Rc6 Be3 41. g6 Ke4 42. g7 Kxf3 43. g8Q 1-0

[Event "Corsica Masters op"]
[Site "Bastia"]
[Date "2005.10.31"]
[Round "3"]
[White "Gurevich, Mikhail"]
[Black "Dunis, Aurelien"]
[Result "1/2-1/2"]
[WhiteElo "2652"]
[BlackElo "2534"]
[PlyCount "77"]
[EventDate "2005.10.30"]
[EventType "swiss (rapid)"]
[EventRounds "7"]
[EventCountry "FRA"]
[SourceTitle "EXT 2006"]
[Source "ChessBase"]
[SourceDate "2005.11.24"]
[SourceVersion "1"]
[SourceVersionDate "2005.11.24"]
[SourceQuality "1"]

1. c4 c6 2. Nf3 d5 3. e3 Nf6 4. Nc3 a6 5. d4 b5 6. cxd5 cxd5 7. Bd3 Bb7 8. 0-0 e6 9. Bd2 Bd6 10. Ne2 0-0 11. a4 bxa4 12. Qxa4 Nc6 13. b4 Ne4 14. b5 axb5 15. Qxb5 Nxd2 16. Nxd2 Rxa1 17. Rxa1 Qc7 18. Rb1 Rb8 19. Nf3 Bc8 20. Qa4 Rxb1+ 21. Bxb1 Bd7 22. Qa8+ Qb8 23. Qxb8+ Bxb8 24. Nf4 Nb4 25. Nd3 Nxd3 26. Bxd3 f6 27. Kf1 Bc6 28. h4 g6 29. g4 Kg7 30. g5 h6 31. gxf6+ Kxf6 32. Kg2 Bd6 33. Nh2 Bxh2 34. Kxh2 g5 35. Kg3 e5 36. hxg5+ hxg5 37. dxe5+ Kxe5 38. Kg4 Kf6 39. f4 1/2-1/2

[Event "Lausanne op"]
[Site "Lausanne"]
[Date "2005.09.19"]
[Round "7"]
[White "Dunis, Aurelien"]
[Black "Cornette, Matthieu"]
[Result "1-0"]
[WhiteElo "2485"]
[BlackElo "2391"]
[PlyCount "78"]
[EventDate "2005.09.16"]
[EventType "swiss"]
[EventRounds "7"]
[EventCountry "SUI"]
[SourceTitle "CBM 108 Extra"]
[Source "ChessBase"]
[SourceDate "2005.11.04"]
[SourceVersion "1"]
[SourceVersionDate "2005.11.04"]
[SourceQuality "1"]

1. d4 d5 2. c4 c6 3. Nc3 Nf6 4. e3 a6 5. Qc2 e6 6. Nf3 c5 7. cxd5 exd5 8. Be2 Nc6 9. 0-0 Be6 10. Ne5 Qc8 11. Rd1 Be7 12. Nxc6 Qxc6 13. dxc5 Bxc5 14. Na4 Be7 15. Qxc6+ bxc6 16. Bd2 c5 17. Bc3 c4 18. Bf3 Rd8 19. Be5 0-0 20. Nc3 Rd7 21. Rd2 Rfd8 22. Rad1 Ng4 23. Nxd5 Nxe5 24. Nxe7+ Kf8 25. Rxd7 Rxd7 26. Rxd7 Bxd7 27. Nd5 Bc6 28. Nb4 Bxf3 29. gxf3 a5 30. Nd5 Nd3 31. Kf1 Nxb2 32. Ke2 Nd3 33. a3 Ke8 34. Nb6 Ne5 35. f4 Nc6 36. Kd2 Ke7 37. Kc3 Ke6 38. Kxc4 Nd8 39. Kb5 Nb7 1-0

[Event "Imperia op-A 47th"]
[Site "Imperia"]
[Date "2005.09.04"]
[Round "9"]
[White "Kalod, Radek"]
[Black "Dunis, Aurelien"]
[Result "1/2-1/2"]
[WhiteElo "2492"]
[BlackElo "2485"]
[PlyCount "83"]
[EventDate "2005.08.28"]
[EventType "swiss"]
[EventRounds "9"]
[EventCountry "ITA"]
[SourceTitle "EXT 2022"]
[Source "ChessBase"]
[SourceDate "2021.10.06"]
[SourceVersion "1"]
[SourceVersionDate "2021.10.06"]
[SourceQuality "1"]

1. e4 c6 2. d4 d5 3. exd5 cxd5 4. c4 Nf6 5. Nc3 e6 6. Nf3 Be7 7. cxd5 Nxd5 8. Bd3 0-0 9. 0-0 Nc6 10. Re1 Bf6 11. Be4 Nce7 12. Qd3 h6 13. Ne5 Nc6 14. a3 Nxc3 15. Nxc6 bxc6 16. bxc3 Bd7 17. Bf4 Rc8 18. Rab1 Qa5 19. c4 Qa6 20. Re3 Rfd8 21. c5 Qxd3 22. Rxd3 Be8 23. Bd6 Rd7 24. f4 Be7 25. Bxe7 Rxe7 26. Kf2 Kf8 27. Ke3 f6 28. g3 Bf7 29. Rdb3 e5 30. Rb8 exf4+ 31. Kxf4 g5+ 32. Kf3 Rxb8 33. Rxb8+ Re8 34. Rxe8+ Bxe8 35. h4 Bd7 36. Ke3 Ke7 37. Bf3 Ke6 38. Bg2 f5 39. hxg5 hxg5 40. Bh1 Be8 41. Bf3 Kd7 42. Bg2 1/2-1/2

[Event "Solsona op 3rd"]
[Site "Solsona"]
[Date "2005.08.18"]
[Round "8"]
[White "Horvath, Csaba"]
[Black "Dunis, Aurelien"]
[Result "1/2-1/2"]
[WhiteElo "2542"]
[BlackElo "2485"]
[PlyCount "90"]
[EventDate "2005.08.12"]
[EventType "swiss"]
[EventRounds "9"]
[EventCountry "ESP"]
[SourceTitle "EXT 2006"]
[Source "ChessBase"]
[SourceDate "2005.11.24"]
[SourceVersion "1"]
[SourceVersionDate "2005.11.24"]
[SourceQuality "1"]

1. c4 c6 2. Nf3 d5 3. e3 Nf6 4. Qc2 a6 5. h3 Nbd7 6. d4 e6 7. b3 b6 8. Nbd2 Bb7 9. Bb2 Rc8 10. Bd3 c5 11. 0-0 Bd6 12. e4 cxd4 13. Nxd4 dxc4 14. Nxc4 Ne5 15. Rad1 0-0 16. Qe2 Nxd3 17. Rxd3 Bxe4 18. Re3 Bg6 19. Rd1 Nd5 20. Nxe6 fxe6 21. Rxe6 Nf4 22. Qg4 Qc7 23. Nxd6 Bh5 24. Nxc8 Bxg4 25. Re7 Qc2 26. Rxg7+ Kh8 27. Rf7+ Qxb2 28. Rxf8+ Kg7 29. Rdd8 Bxc8 30. Rg8+ Kh6 31. Rxc8 Ng6 32. Rc6 Qa1+ 33. Kh2 Qe5+ 34. g3 Qd5 35. Rgc8 Qd2 36. Rc2 Qe1 37. R8c6 Qd1 38. a4 a5 39. Kg2 Qd5+ 40. Kh2 Qxb3 41. f4 Qxa4 42. f5 b5 43. fxg6 hxg6 44. R2c5 b4 45. Rc7 Qa2+ 1/2-1/2

[Event "Solsona op 3rd"]
[Site "Solsona"]
[Date "2005.08.17"]
[Round "7"]
[White "Dunis, Aurelien"]
[Black "Fedorchuk, Sergey A"]
[Result "1/2-1/2"]
[WhiteElo "2485"]
[BlackElo "2571"]
[PlyCount "52"]
[EventDate "2005.08.12"]
[EventType "swiss"]
[EventRounds "9"]
[EventCountry "ESP"]
[SourceTitle "EXT 2006"]
[Source "ChessBase"]
[SourceDate "2005.11.24"]
[SourceVersion "1"]
[SourceVersionDate "2005.11.24"]
[SourceQuality "1"]

1. d4 Nf6 2. c4 e6 3. Nf3 b6 4. g3 Ba6 5. b3 Bb4+ 6. Bd2 Be7 7. Bg2 c6 8. Bc3 d5 9. Ne5 Nfd7 10. Nxd7 Nxd7 11. Nd2 0-0 12. 0-0 Rb8 13. a4 Bf6 14. e4 c5 15. exd5 cxd4 16. Bb4 Nc5 17. a5 Bb7 18. axb6 axb6 19. dxe6 fxe6 20. Bxb7 Rxb7 21. Re1 d3 22. Bxc5 bxc5 23. Ra2 Bd4 24. Ne4 Qb8 25. Rd2 Rxb3 26. Rxd3 Rb2 1/2-1/2

[Event "Nice op 21st"]
[Site "Nice"]
[Date "2005.08.02"]
[Round "2"]
[White "Zigangirova, Sofya"]
[Black "Dunis, Aurelien"]
[Result "0-1"]
[WhiteElo "2296"]
[BlackElo "2485"]
[PlyCount "36"]
[EventDate "2005.08.01"]
[EventType "swiss"]
[EventRounds "7"]
[EventCountry "FRA"]
[SourceTitle "CBM 107 Extra"]
[Source "ChessBase"]
[SourceDate "2005.09.01"]
[SourceVersion "1"]
[SourceVersionDate "2005.09.01"]
[SourceQuality "1"]

1. e4 c5 2. Nc3 d6 3. g3 g6 4. Bg2 Bg7 5. d3 Nc6 6. f4 e6 7. Be3 Nge7 8. Nf3 b6 9. 0-0 0-0 10. d4 d5 11. exd5 Nf5 12. Bf2 Ncxd4 13. Nxd4 cxd4 14. Ne2 Ne3 15. Bxe3 dxe3 16. dxe6 Bxe6 17. Bxa8 Qxa8 18. c3 Bh3 0-1

[Event "Salamanca"]
[Site "Salamanca"]
[Date "2005.07.18"]
[Round "9"]
[White "Zlotnik, Boris A"]
[Black "Dunis, Aurelien"]
[Result "1-0"]
[WhiteElo "2434"]
[BlackElo "2485"]
[PlyCount "111"]
[EventDate "2005.07.10"]
[EventType "tourn"]
[EventRounds "9"]
[EventCountry "ESP"]
[EventCategory "7"]
[SourceTitle "CBM 107 Extra"]
[Source "ChessBase"]
[SourceDate "2005.09.01"]
[SourceVersion "1"]
[SourceVersionDate "2005.09.01"]
[SourceQuality "1"]

1. d4 e6 2. e4 d5 3. Nd2 Be7 4. c3 c5 5. dxc5 Nf6 6. exd5 Qxd5 7. Ngf3 Qxc5 8. Bd3 Nc6 9. Qe2 0-0 10. Nc4 Rd8 11. Be3 Qh5 12. Nd4 Bd7 13. Qxh5 Nxh5 14. Be4 Rac8 15. Nxc6 Bxc6 16. Bxc6 Rxc6 17. Ne5 Ra6 18. Ke2 Nf6 19. c4 Ne8 20. a3 Nd6 21. Rac1 f6 22. Nd3 Nf5 23. c5 Ra4 24. Rhd1 Kf7 25. Rc3 Re4 26. Rdc1 Nd4+ 27. Kf1 f5 28. Re1 Bf6 29. Rec1 Rd7 30. b4 g5 31. Bxd4 Rexd4 32. c6 bxc6 33. Ne1 Rh4 34. Rxc6 Rxh2 35. Rc7 Rh1+ 36. Ke2 Ke7 37. R1c6 g4 38. a4 Be5 39. Rxd7+ Kxd7 40. Ra6 Bb8 41. b5 Rg1 42. g3 e5 43. Nd3 f4 44. Nc5+ Ke7 45. Re6+ Kf7 46. Rh6 f3+ 47. Kd3 Rd1+ 48. Ke4 Kg7 49. Rh4 Rd4+ 50. Kf5 Rd5 51. Ne6+ Kh8 52. Kxg4 e4 53. Ng5 Re5 54. Nf7+ Kg7 55. Nxe5 Bxe5 56. Kf5 1-0

[Event "Salamanca"]
[Site "Salamanca"]
[Date "2005.07.13"]
[Round "4"]
[White "Ibarra Jerez, Jose Carlos"]
[Black "Dunis, Aurelien"]
[Result "1/2-1/2"]
[WhiteElo "2439"]
[BlackElo "2485"]
[PlyCount "79"]
[EventDate "2005.07.10"]
[EventType "tourn"]
[EventRounds "9"]
[EventCountry "ESP"]
[EventCategory "7"]
[SourceTitle "CBM 107 Extra"]
[Source "ChessBase"]
[SourceDate "2005.09.01"]
[SourceVersion "1"]
[SourceVersionDate "2005.09.01"]
[SourceQuality "1"]

1. e4 c5 2. Nf3 d6 3. d4 cxd4 4. Nxd4 Nf6 5. f3 e6 6. c4 Nc6 7. Nc3 Be7 8. Be3 0-0 9. Be2 d5 10. cxd5 exd5 11. Nxc6 bxc6 12. exd5 Nxd5 13. Nxd5 cxd5 14. 0-0 Bf6 15. Bd4 Be6 16. Qd2 Rb8 17. b4 Bxd4+ 18. Qxd4 Qe7 19. a3 Rfc8 20. Rfc1 h5 21. h4 Rc7 22. Bd3 Rbc8 23. Rxc7 Qxc7 24. a4 Qc3 25. Qxc3 Rxc3 26. Bf1 Kf8 27. Rd1 Ke7 28. Kf2 Kd6 29. f4 Rc2+ 30. Ke3 Bf5 31. g3 Rc3+ 32. Kf2 Rc2+ 33. Ke3 Rc3+ 34. Kf2 Be4 35. Be2 g6 36. a5 Rc2 37. Ke3 Rc3+ 38. Kf2 Rc2 39. Ke3 Rc3+ 40. Kf2 1/2-1/2

[Event "Salamanca"]
[Site "Salamanca"]
[Date "2005.07.11"]
[Round "2"]
[White "Vasilev, Milen"]
[Black "Dunis, Aurelien"]
[Result "1/2-1/2"]
[WhiteElo "2419"]
[BlackElo "2485"]
[PlyCount "120"]
[EventDate "2005.07.10"]
[EventType "tourn"]
[EventRounds "9"]
[EventCountry "ESP"]
[EventCategory "7"]
[SourceTitle "CBM 107 Extra"]
[Source "ChessBase"]
[SourceDate "2005.09.01"]
[SourceVersion "1"]
[SourceVersionDate "2005.09.01"]
[SourceQuality "1"]

1. d4 d5 2. Bf4 Nf6 3. e3 c5 4. c3 Nc6 5. Nf3 Qb6 6. Qc1 Bf5 7. Be2 e6 8. Nbd2 Rc8 9. dxc5 Bxc5 10. 0-0 0-0 11. Nb3 Be7 12. Nfd4 Bg6 13. Qd1 Rfd8 14. a4 a6 15. a5 Qa7 16. Nd2 Nd7 17. N2f3 Bf6 18. Bg5 Bxg5 19. Nxg5 Nce5 20. Bh5 Nf6 21. Bxg6 hxg6 22. f4 Nc4 23. Qe2 Re8 24. Qf2 Qc5 25. Rae1 Qxa5 26. Ndf3 Qb6 27. Ne5 Ne4 28. Nxe4 dxe4 29. Nxc4 Rxc4 30. Rd1 Rd8 31. Rxd8+ Qxd8 32. Qc2 Qb6 33. Kf2 Rc5 34. Rd1 g5 35. fxg5 Rf5+ 36. Ke2 Rxg5 37. Qxe4 Qxb2+ 38. Rd2 Qb5+ 39. c4 Qf5 40. Rd8+ Kh7 41. Qxf5+ Rxf5 42. Rc8 Kg6 43. Rc7 b5 44. c5 a5 45. e4 Rh5 46. Kd3 Rxh2 47. Ra7 Rxg2 48. Rxa5 b4 49. Rb5 b3 50. Kd4 b2 51. Ke5 Rc2 52. Kd6 f5 53. exf5+ exf5 54. c6 f4 55. c7 f3 56. Rxb2 Rxc7 57. Kxc7 Kf5 58. Kd6 Kf4 59. Kd5 Kg3 60. Ke4 f2 1/2-1/2

[Event "Salamanca"]
[Site "Salamanca"]
[Date "2005.07.10"]
[Round "1"]
[White "Dunis, Aurelien"]
[Black "Gomez Esteban, Juan Mario"]
[Result "1/2-1/2"]
[WhiteElo "2485"]
[BlackElo "2467"]
[PlyCount "115"]
[EventDate "2005.07.10"]
[EventType "tourn"]
[EventRounds "9"]
[EventCountry "ESP"]
[EventCategory "7"]
[SourceTitle "CBM 107 Extra"]
[Source "ChessBase"]
[SourceDate "2005.09.01"]
[SourceVersion "1"]
[SourceVersionDate "2005.09.01"]
[SourceQuality "1"]

1. c4 e5 2. g3 Nf6 3. Bg2 d5 4. cxd5 Nxd5 5. Nc3 Nb6 6. Nf3 Nc6 7. 0-0 Be7 8. d3 Be6 9. Be3 Nd5 10. Nxd5 Bxd5 11. Rc1 0-0 12. Qa4 Re8 13. Rfd1 a6 14. a3 Bd6 15. Ng5 Bxg2 16. Kxg2 Nd4 17. Qc4 Qe7 18. Bxd4 Qxg5 19. Bc5 Bxc5 20. Qxc5 c6 21. d4 h6 22. d5 cxd5 23. Qxd5 Re7 24. Rc4 Rae8 25. a4 e4 26. Qxg5 hxg5 27. Rd6 f6 28. a5 Kh7 29. g4 Kg6 30. e3 Kf7 31. Kg3 Rh8 32. Rcd4 Rhe8 33. Rd7 Rxd7 34. Rxd7+ Re7 35. Rxe7+ Kxe7 36. f3 exf3 37. Kxf3 Kd6 38. Ke4 g6 39. Kd4 f5 40. h3 Ke6 41. Kd3 Kd5 42. Ke2 Ke4 43. Kf2 Kd3 44. Kf3 Kc4 45. Kg3 Kd5 46. Kf3 Ke5 47. Kf2 Kd6 48. Kg3 Kd5 49. Kf3 Kc5 50. Kg3 Kc4 51. gxf5 gxf5 52. h4 gxh4+ 53. Kxh4 Kd3 54. Kg5 Kxe3 55. Kxf5 Kd4 56. Ke6 Kc5 57. Kd7 Kb5 58. Kc7 1/2-1/2

[Event "Marseille op"]
[Site "Marseille"]
[Date "2005.06.??"]
[Round "5"]
[White "Dunis, Aurelien"]
[Black "Karpatchev, Aleksandr"]
[Result "1/2-1/2"]
[WhiteElo "2485"]
[BlackElo "2472"]
[PlyCount "73"]
[EventDate "2005.06.??"]
[EventType "swiss"]
[EventRounds "9"]
[EventCountry "FRA"]
[SourceTitle "EXT 2006"]
[Source "ChessBase"]
[SourceDate "2005.11.24"]
[SourceVersion "1"]
[SourceVersionDate "2005.11.24"]
[SourceQuality "1"]

1. Nf3 Nc6 2. d4 d5 3. Bf4 Bg4 4. e3 e6 5. Nbd2 Bd6 6. Bg3 Nge7 7. c4 dxc4 8. Bxc4 0-0 9. Be2 Nf5 10. Bxd6 cxd6 11. 0-0 d5 12. Rc1 Nd6 13. Ne5 Bxe2 14. Qxe2 Nxe5 15. dxe5 Nf5 16. Nf3 Qa5 17. a3 Rac8 18. Rc2 Ne7 19. Rfc1 h6 20. h3 Rxc2 21. Rxc2 Rc8 22. Rxc8+ Nxc8 23. Qc2 Ne7 24. Nd4 Nc6 25. Nxc6 bxc6 26. Qxc6 Qe1+ 27. Kh2 Qxf2 28. Qa8+ Kh7 29. Qxa7 Qxb2 30. Qxf7 Qxe5+ 31. Qf4 Qc3 32. a4 e5 33. Qf5+ Kh8 34. a5 Qxa5 35. Qxe5 Qe1 36. Qg3 Qd2 37. Qe5 1/2-1/2

[Event "Marseille op"]
[Site "Marseille"]
[Date "2005.06.??"]
[Round "3"]
[White "Dunis, Aurelien"]
[Black "Maleki, Nicolas"]
[Result "1-0"]
[WhiteElo "2485"]
[BlackElo "2081"]
[PlyCount "53"]
[EventDate "2005.06.??"]
[EventType "swiss"]
[EventRounds "9"]
[EventCountry "FRA"]
[SourceTitle "EXT 2006"]
[Source "ChessBase"]
[SourceDate "2005.11.24"]
[SourceVersion "1"]
[SourceVersionDate "2005.11.24"]
[SourceQuality "1"]

1. e4 e5 2. Nf3 Nc6 3. d4 exd4 4. Nxd4 Bc5 5. Nb3 Bb6 6. Nc3 Qf6 7. Qe2 Nge7 8. Be3 d6 9. 0-0-0 Be6 10. Qd2 0-0 11. f4 Rfe8 12. g3 Rad8 13. Bxb6 axb6 14. Nb5 Ra8 15. Nxc7 Rxa2 16. e5 Bxb3 17. Kb1 Rea8 18. Nxa8 Qf5 19. Bd3 Qc8 20. Nxb6 Qd8 21. cxb3 Qxb6 22. Kxa2 Nb4+ 23. Kb1 Qa5 24. Qc3 Nec6 25. exd6 Qa2+ 26. Kc1 Qa7 27. Bb1 1-0